Landscape with plywood silhouettes : [poems] /
Saved in:
| Main Author: | |
|---|---|
| Corporate Author: | |
| Format: | Book |
| Language: | English |
| Published: |
Kalamazoo, Michigan :
New Issues Press/ Western Michigan University,
2014.
|
| Edition: | First edition. |
| Series: | New Issues poetry & prose.
|
| Subjects: | |
| Tags: |
Add Tag
No Tags, Be the first to tag this record!
|
| LEADER | 01307cam a2200397Ii 4500 | ||
|---|---|---|---|
| 001 | 014101468-7 | ||
| 005 | 20140707123110.0 | ||
| 008 | 140303s2014 miu 000 p eng d | ||
| 020 | |a 1936970260 | ||
| 020 | |a 9781936970261 | ||
| 035 | 0 | |a ocn871319270 | |
| 040 | |a YDXCP |b eng |e rda |c YDXCP |d BTCTA |d CUS |d OCLCO |d NUI |d OCLCO |d CDX |d JHE | ||
| 050 | 4 | |a PS3613.C334 |b L36 2014 | |
| 082 | 0 | 4 | |a 811/.6 |2 23 |
| 100 | 1 | |a McCadden, Kerrin, |e author. | |
| 240 | 1 | 0 | |a Poems. |k Selections |
| 245 | 1 | 0 | |a Landscape with plywood silhouettes : |b [poems] / |c Kerrin McCadden. |
| 250 | |a First edition. | ||
| 264 | 1 | |a Kalamazoo, Michigan : |b New Issues Press/ Western Michigan University, |c 2014. | |
| 264 | 4 | |c ©2014. | |
| 300 | |a 83 pages ; |c 22 cm. | ||
| 336 | |a text |b txt |2 rdacontent | ||
| 337 | |a unmediated |b n |2 rdamedia | ||
| 338 | |a volume |b nc |2 rdacarrier | ||
| 490 | 1 | |a New Issues poetry & prose | |
| 500 | |a Subtitle from cover: poems. | ||
| 500 | |a Poems. | ||
| 504 | |a Includes bibliographical references. | ||
| 650 | 0 | |a American poetry |y 21st century. | |
| 710 | 2 | |a Western Michigan University. |b College of Arts and Sciences. | |
| 710 | 2 | |a New Issues Poetry & Prose (Firm), |e publisher. | |
| 830 | 0 | |a New Issues poetry & prose. | |
| 899 | |a 415_565689 | ||
| 988 | |a 20140621 | ||
| 049 | |a HLSS | ||
| 906 | |0 OCLC | ||


